The effect of organic green culture zs supplementation on cp diet on performance of broiler chicken, (ឥទ្ធិពលនៃការបន្ថែម អ័រកែននិកគ្រីនខាលឆើហ្សេតអែស ទៅក្នុងចំណីក្រុមហ៊ុនស៊ីភីសំរាប់ការលូតលាស់របស់មាន់សាច់) (Record no. 2064)
[ view plain ]
| 000 -LEADER | |
|---|---|
| fixed length control field | 00770nam a22001577a 4500 |
| 003 - CONTROL NUMBER IDENTIFIER | |
| control field | OSt |
| 005 - DATE AND TIME OF LATEST TRANSACTION | |
| control field | 20151006153448.0 |
| 008 - FIXED-LENGTH DATA ELEMENTS--GENERAL INFORMATION | |
| fixed length control field | 151006b xxu||||| |||| 00| 0 eng d |
| 040 ## - CATALOGING SOURCE | |
| Transcribing agency | RUA |
| 082 ## - DEWEY DECIMAL CLASSIFICATION NUMBER | |
| Classification number | AVM KAR 2006 B077 or.1 |
| 100 ## - MAIN ENTRY--PERSONAL NAME | |
| 9 (RLIN) | 2191 |
| Personal name | KARBUTH SOMAKLAB |
| 245 ## - TITLE STATEMENT | |
| Title | The effect of organic green culture zs supplementation on cp diet on performance of broiler chicken, (ឥទ្ធិពលនៃការបន្ថែម អ័រកែននិកគ្រីនខាលឆើហ្សេតអែស ទៅក្នុងចំណីក្រុមហ៊ុនស៊ីភីសំរាប់ការលូតលាស់របស់មាន់សាច់) |
| 260 ## - PUBLICATION, DISTRIBUTION, ETC. (IMPRINT) | |
| Place of publication, distribution, etc. | phnom penh |
| Name of publisher, distributor, etc. | rua |
| Date of publication, distribution, etc. | 2006 |
| 300 ## - PHYSICAL DESCRIPTION | |
| Extent | ix, 37p. |
| Other physical details | ill. |
| Dimensions | 29cm. |
| 942 ## - ADDED ENTRY ELEMENTS (KOHA) | |
| Source of classification or shelving scheme | |
| Koha item type | AVM |
| Price effective from | Date last seen | Permanent Location | Not for loan | Date acquired | Source of classification or shelving scheme | Koha item type | Barcode | Lost status | Damaged status | Shelving location | Withdrawn status | Current Location | Full call number |
|---|---|---|---|---|---|---|---|---|---|---|---|---|---|
| 2015-10-06 | 2015-10-06 | Library Block B | 2015-10-06 | AVM | RUA007831 | B075 | Library Block B | AVM KAR 2006 B077 or.1 | |||||
| 2015-10-06 | 2015-10-06 | Library Block B | 2015-10-06 | AVM | RUA008608 | B075 | Library Block B | AVM KAR 2006 B077 or.2 | |||||
| 2015-10-06 | 2015-10-06 | Library Block B | 2015-10-06 | AVM | RUA007830 | B075 | Library Block B | AVM KAR 2006 B077 or.3 | |||||
| 2015-10-06 | 2015-10-06 | Library Block B | 2015-10-06 | AVM | RUA008933 | B075 | Library Block B | AVM KAR 2006 B077 or.4 | |||||
| 2015-10-06 | 2015-10-06 | Library Block B | 2015-10-06 | AVM | RUA008464 | B075 | Library Block B | AVM KAR 2006 B077 or.5 | |||||
| 2015-10-06 | 2015-10-06 | Library Block B | 2015-10-06 | AVM | RUA008593 | B075 | Library Block B | AVM KAR 2006 B077 or.6 |